000 00485cam a2200205 4500
001 D12269
008 090401t1926 xxu||||| |||| 00| 0 eng d
035 _a(Sirsi) u2405
041 _aeng
100 _aBrough, Bennett H
245 2 _aA treatise on mine - surveying
250 _a17th rev
260 _aLondon
_bCharles Griffin & Co
_c1926
350 _a0
520 _aShelf 177
700 _aDean, Harry
700 _aLewis, Henry (ed)
942 _n0
948 _c04/03/1997
999 _c85766
_d85766